Pepe-Hillo (Record no. 160740)

MARC details
000 -LEADER
campo de control de longitud fija 00802nam a2200217 i 4500
001 - NÚMERO DE CONTROL
campo de control 160740
003 - IDENTIFICADOR DE NÚMERO DE CONTROL
campo de control ES-MaACL
005 - FECHA Y HORA DE LA ÚLTIMA TRANSACCIÓN
campo de control 20250928124022.0
008 - DATOS DE LONGITUD FIJA--INFORMACIÓN GENERAL
campo de control de longitud fija 011227s1871 sp f |||| |bspa d
040 ## - FUENTE DE CATALOGACIÓN
Centro catalogador/agencia de origen NA
Lengua de catalogación spa
Centro/agencia transcriptor NA
080 ## - NÚMERO DE LA CLASIFICACIÓN DECIMAL UNIVERSAL
Número de la Clasificación Decimal Universal 929 Pepe-Hillo (0:82)
080 ## - NÚMERO DE LA CLASIFICACIÓN DECIMAL UNIVERSAL
Número de la Clasificación Decimal Universal 94(460)"1788/1808"(0:82)
100 1# - ENTRADA PRINCIPAL--NOMBRE DE PERSONA
Nombre de persona Nombela, Julio,
Fechas asociadas al nombre 1836-1919
9 (RLIN) 85930
245 10 - MENCIÓN DEL TÍTULO
Título Pepe-Hillo
Resto del título : memorias de la España de pan y toros /
Mención de responsabilidad, etc. por Julio Nombela.
260 ## - PUBLICACIÓN, DISTRIBUCIÓN, ETC.
Lugar de publicación, distribución, etc. Madrid :
Nombre del editor, distribuidor, etc. J. Castro y Compañía,
Fecha de publicación, distribución, etc. 1871 (
Fabricante Imp. de R. Labajos)
300 ## - DESCRIPCIÓN FÍSICA
Extensión 2 v. (778, 532 p. :
Otras características físicas [20] h. de lám.) ;
Dimensiones 21 cm.
600 07 - PUNTO DE ACCESO ADICIONAL DE MATERIA--NOMBRE DE PERSONA
Nombre de persona Pepe-Hillo,
Fechas asociadas al nombre 1754-1801-
Subdivisión de forma Novelas
Fuente del encabezamiento o término
9 (RLIN) 163070
651 #4 - PUNTO DE ACCESO ADICIONAL DE MATERIA--NOMBRE GEOGRÁFICO
Nombre geográfico España-
Subdivisión general Historia-
Subdivisión cronológica 1788-1808, Carlos IV-
Subdivisión de forma Novelas.
9 (RLIN) 8243
852 ## - LOCALIZACIÓN
Ubicación ES-MaACL
Número de control de estantería C-1356
Nota libre - Enc. hol.
Holdings
Estatus retirado Estado de pérdida Estado de daño No para préstamo Colección Biblioteca de origen Biblioteca actual Ubicación en estantería Fecha de adquisición Fuente de adquisición Total de préstamos Signatura topográfica completa Código de barras Visto por última vez Precio de reemplazo Tipo de ítem Koha
        Libros del s. XIX Biblioteca del Ateneo de Madrid Biblioteca del Ateneo de Madrid Sala Palomar 17/01/2008     C-1356 1168322 23/02/2023 23/02/2023 Libro impreso antiguo